|
|
|
|
| LEADER |
03230nam a2200757 i 4500 |
| 001 |
nkc20152769901 |
| 003 |
CZ PrNK |
| 005 |
20160226094012.0 |
| 007 |
ta |
| 008 |
151229s2015 xr abche 001 0dcze |
| 015 |
|
|
|a cnb002769901
|
| 020 |
|
|
|a 978-80-86279-56-5
|q (brožováno)
|
| 035 |
|
|
|a (OCoLC)944218288
|
| 040 |
|
|
|a OLA001
|b cze
|d ABA001
|e rda
|
| 041 |
1 |
|
|a cze
|a lat
|h ger
|h lat
|
| 043 |
|
|
|a e-xr---
|b e-xr-vy
|2 czenas
|
| 045 |
|
|
|a q4y1
|
| 072 |
|
7 |
|a 27
|x Křesťanství. Křesťanská církev všeobecně. Eklesiologie
|2 Konspekt
|9 5
|
| 080 |
|
|
|a 272-774
|2 MRF
|
| 080 |
|
|
|a 82-94:27-774-283
|2 MRF
|
| 080 |
|
|
|a 002+801.82
|2 MRF
|
| 080 |
|
|
|a 27-4
|2 MRF
|
| 080 |
|
|
|a 27-7
|2 MRF
|
| 080 |
|
|
|a 27-747:347.21
|2 MRF
|
| 080 |
|
|
|a (437.324)
|2 MRF
|
| 080 |
|
|
|a (093.3)
|2 MRF
|
| 080 |
|
|
|a (0.072)
|2 MRF
|
| 245 |
0 |
0 |
|a Listy z farní kroniky :
|b Horní Újezd /
|c Karel Vojtěch Čermák (edit. et notata)
|
| 246 |
3 |
0 |
|a Horní Újezd
|
| 264 |
|
1 |
|a Praha :
|b Regulus,
|c 2015
|
| 300 |
|
|
|a 285 stran :
|b ilustrace, 1 mapa, portréty, faksimile ;
|c 33 cm
|
| 336 |
|
|
|a text
|b txt
|2 rdacontent
|
| 337 |
|
|
|a bez média
|b n
|2 rdamedia
|
| 338 |
|
|
|a svazek
|b nc
|2 rdacarrier
|
| 500 |
|
|
|a Částečně přeloženo z němčiny a latiny
|
| 500 |
|
|
|a Vydáno u příležitosti 770. výročí první zmínky o farním obvodu Horní Újezd nyní děkanství třebičské
|
| 500 |
|
|
|a Terminologický slovník
|
| 504 |
|
|
|a Obsahuje bibliografii a rejstřík
|
| 546 |
|
|
|a Částečně latinský text
|
| 610 |
2 |
7 |
|a Katolická církev.
|b Farní úřad (Horní Újezd, Třebíč, Česko)
|7 mzk2016901623
|2 czenas
|
| 648 |
|
7 |
|a 13.-21. století
|7 ch757063
|2 czenas
|
| 648 |
|
4 |
|a 1243-2013
|
| 650 |
0 |
7 |
|a katolické farnosti
|7 ph114894
|z Česko
|y 13.-21. století
|2 czenas
|
| 650 |
0 |
7 |
|a farní kroniky
|7 ph746939
|z Česko
|y 13.-21. století
|2 czenas
|
| 650 |
0 |
7 |
|a písemné prameny
|7 ph115977
|z Česko
|y 13.-21. století
|2 czenas
|
| 650 |
0 |
7 |
|a církevní život
|7 ph119306
|z Česko
|y 13.-21. století
|2 czenas
|
| 650 |
0 |
7 |
|a církevní správa
|7 ph232635
|z Česko
|y 13.-21. století
|2 czenas
|
| 650 |
0 |
7 |
|a církevní majetek
|7 ph119296
|z Česko
|y 13.-21. století
|2 czenas
|
| 650 |
0 |
9 |
|a Catholic parishes
|z Czechia
|y 13th-21st centuries
|2 eczenas
|
| 650 |
0 |
9 |
|a parochial chronicles
|z Czechia
|y 13th-21st centuries
|2 eczenas
|
| 650 |
0 |
9 |
|a written sources
|z Czechia
|y 13th-21st centuries
|2 eczenas
|
| 650 |
0 |
9 |
|a church life
|z Czechia
|y 13th-21st centuries
|2 eczenas
|
| 650 |
0 |
9 |
|a administration and management of the church
|z Czechia
|y 13th-21st centuries
|2 eczenas
|
| 650 |
0 |
9 |
|a church property
|z Czechia
|y 13th-21st centuries
|2 eczenas
|
| 651 |
|
7 |
|a Horní Újezd (Třebíč, Česko)
|7 ge346839
|y 13.-21. století
|2 czenas
|
| 651 |
|
9 |
|a Horní Újezd (Třebíč, Czechia)
|y 13th-21st centuries
|2 eczenas
|
| 655 |
|
7 |
|a kroniky
|7 fd132684
|2 czenas
|
| 655 |
|
7 |
|a komentovaná vydání
|7 fd132577
|2 czenas
|
| 655 |
|
9 |
|a chronicles
|2 eczenas
|
| 655 |
|
9 |
|a annotated editions
|2 eczenas
|
| 700 |
1 |
|
|a Čermák, Karel Vojtěch,
|d 1943-
|7 ola2016898884
|4 edt
|
| 910 |
2 |
|
|a BOA001
|b 4-1361.195
|
| 990 |
|
|
|a BK
|
| 995 |
|
|
|a 01
|
| 991 |
|
|
|b 201602
|c NOV
|
| 996 |
6 |
|
|b 2610656735
|c 4-1361.195
|l MZK
|r Sklad / do 1 hodiny
|n 1
|p p.v.
|w 001540890
|u 000010
|a 1
|e BOA001
|j MZK50
|s P
|